01007 a2200277 4500020002300000020003200023024001800055035001500073040001300088082001000101100002100111245013100132260003300263300003500296490004600331500005900377650002400436650002300460655002200483700002300505700001900528710001600547830004900563856003900612856007800651 a0387244255 (Cloth) a0387260900 (electronic bk.)3 a9786610634248 acis5717045 aDLCbDLC04a005.81 aFurht, Borivoje.10aMultimedia encryption and watermarking: electronic resourcehelectronic resourcecBorko Furht, Edin Muharemagic, Daniel Socek. aNew York :bSpringer,c2005. axvii, 327 p. :bill. ;c24 cm.1 aMultimedia systems and applications ;v28 aTitle from e-book title screen (viewed June 27, 2008). 0aMultimedia systems. 0aComputer security. 7aElectronic books.1 aMuharemagic, Edin.1 aSocek, Daniel.2 aMyiLibrary. 0aMultimedia systems and applications series ;40uhttp://www.myilibrary.com?id=6342440uhttp://www.springerlink.com/openurl.asp?genre=book&isbn=978-0-387-24425-9